| 000 | 01958nam a2200481 i 4500 | ||
|---|---|---|---|
| 001 | 768714001 | ||
| 003 | CO-MdFUSB | ||
| 005 | 20250507124708.0 | ||
| 007 | ta | ||
| 008 | 150519s2015 sp | |||| 000 0 spa | ||
| 020 | _a9788422018049 | ||
| 040 |
_aSpMaBN _bspa _cCO-MdFUSB _erdc _dCO-MdFUSB |
||
| 041 | _aspa | ||
| 082 |
_223 _a241.63 _bR854f |
||
| 100 | 1 |
_aRouco-Varela, Antonio María _eautor |
|
| 245 | 1 | 3 |
_aLa familia, motivo de esperanza : _bdoctrina y vida _c/ Antonio María Rouco Varela |
| 264 | 1 |
_aMadrid, España : _bBiblioteca de Autores Cristianos, _c℗[2015] |
|
| 264 | 4 | _c©2015 | |
| 300 |
_a246 páginas _c; 21 cm |
||
| 336 |
_2rdacontent _atexto _btxt |
||
| 337 |
_2rdamedia _asin mediación _bn |
||
| 338 |
_2rdacarrier _avolumen _bnc |
||
| 490 | 0 | _aBAC popular | |
| 504 | _aIncluye referencias bibliográficas | ||
| 505 | _tParte I: Concepción católica del matrimonio y de la familia | ||
| 505 | _aLa concepción católica del matrimonio y de la familia. Su renovada actualidad | ||
| 505 | _aLa familia: vida y esperanza para la humanidad | ||
| 505 | _aLa acogida renovada de la verdad del matrimonio y de la familia: una necesidad pastoral urgente e inaplazable. | ||
| 505 | _tParte II: La sagrada familia de Nazaret, modelo de familia | ||
| 505 | _aActualizar el mensaje de la sagrada familia | ||
| 505 | 2 | _aUna singular familia nacida de la iniciativa del padre | |
| 505 | 2 | _tParte III: Anunciar el evangelio de la familia | |
| 505 | 2 | _aCreer en la sabiduría y en la gracia: misión de la familia cristiana | |
| 505 | 2 | _a"La misión ": en la familia y con los jóvenes | |
| 505 | 2 | _tPolíticas familiares | |
| 505 | 2 | _aPor una cultura de la familia | |
| 505 | 2 | _aEl hombre necesita de la familia | |
| 505 | 2 | _aLa familia es el primer ámbito de socialización | |
| 563 | _aRústico | ||
| 650 | 0 |
_aFamilias _xAspectos religiosos _xIglesia Católica _2embne _9292 |
|
| 942 | _cBK | ||
| 945 | _aJTF-925 | ||
| 999 |
_c63831 _d63831 |
||